000 00324nam a2200145Ia 4500
008 191201s2010 xx 000 0 und d
082 _a658.15
_bMUM
100 _aMUSTAFA,A
245 0 _aManagerial Economics
250 _a1st
260 _aN. Delhi
_bAITBS Pub.
_c2010
300 _a638
650 _aBBA
942 _2ddc
_cBK
999 _c4887
_d4887